<?xml version="1.0" encoding="UTF-8"?>
<record
    xmlns:xsi="http://www.w3.org/2001/XMLSchema-instance"
    xsi:schemaLocation="http://www.loc.gov/MARC21/slim http://www.loc.gov/standards/marcxml/schema/MARC21slim.xsd"
    xmlns="http://www.loc.gov/MARC21/slim">

  <leader>01861cam a2200265 i 4500</leader>
  <datafield tag="999" ind1=" " ind2=" ">
    <subfield code="c">37273</subfield>
    <subfield code="d">37273</subfield>
  </datafield>
  <datafield tag="020" ind1=" " ind2=" ">
    <subfield code="a">9781788972413</subfield>
  </datafield>
  <datafield tag="020" ind1=" " ind2=" ">
    <subfield code="a">9781784710767</subfield>
  </datafield>
  <datafield tag="082" ind1="0" ind2="4">
    <subfield code="a">338.064</subfield>
    <subfield code="b">HAN</subfield>
  </datafield>
  <datafield tag="245" ind1="0" ind2="0">
    <subfield code="a">Handbook on the geographies of innovation /</subfield>
    <subfield code="c">edited by Richard Shearmur, Christophe Carrincazeaux, David Doloreux.</subfield>
  </datafield>
  <datafield tag="260" ind1=" " ind2=" ">
    <subfield code="a">Massachusetts</subfield>
    <subfield code="b">Edward Elgar</subfield>
    <subfield code="c">2016</subfield>
  </datafield>
  <datafield tag="300" ind1=" " ind2=" ">
    <subfield code="a">xix, 482 pages :</subfield>
    <subfield code="b">illustrations ;</subfield>
  </datafield>
  <datafield tag="504" ind1=" " ind2=" ">
    <subfield code="a">Includes bibliographical references and index.</subfield>
  </datafield>
  <datafield tag="520" ind1=" " ind2=" ">
    <subfield code="a">"The geography of innovation is changing. First, it is increasingly understood that innovative firms and organizations exhibit a wide variety of strategies, each being differently attuned to diverse geographic contexts. Second, and concomitantly, the idea that cities, clusters and physical proximity are essential for innovation is evolving under the weight of new theorizing and empirical evidence. In this Handbook we gather 28 chapters by scholars with widely differing views on what constitutes the geography of innovation. The aim of the Handbook is to break with the many ideas and concepts that emerged during the course of the 1980s and 1990s, and to fully take into account the new reality of the internet, mobile communication technologies, personal mobility and globalization. This does not entail the rejection of well-established and supported ideas, but instead allows for a series of new ideas and authors to enter the arena and provoke debate."--Publisher's website.</subfield>
  </datafield>
  <datafield tag="650" ind1=" " ind2="0">
    <subfield code="a">Technological innovations.</subfield>
  </datafield>
  <datafield tag="650" ind1=" " ind2="0">
    <subfield code="a">Economic development.</subfield>
  </datafield>
  <datafield tag="650" ind1=" " ind2="7">
    <subfield code="a">Economic development.</subfield>
  </datafield>
  <datafield tag="650" ind1=" " ind2="7">
    <subfield code="a">Technological innovations.</subfield>
  </datafield>
  <datafield tag="650" ind1=" " ind2="7">
    <subfield code="a">Cluster</subfield>
  </datafield>
  <datafield tag="650" ind1=" " ind2="7">
    <subfield code="a">Technische Innovation</subfield>
  </datafield>
  <datafield tag="650" ind1=" " ind2="7">
    <subfield code="a">Wirtschaftsgeografie</subfield>
  </datafield>
  <datafield tag="700" ind1="1" ind2=" ">
    <subfield code="a">Shearmur, Richard,</subfield>
    <subfield code="e">editor.</subfield>
  </datafield>
  <datafield tag="700" ind1="1" ind2=" ">
    <subfield code="a">Carrincazeaux, Christophe,</subfield>
    <subfield code="e">editor.</subfield>
  </datafield>
  <datafield tag="700" ind1="1" ind2=" ">
    <subfield code="a">Doloreux, David,</subfield>
    <subfield code="e">editor.</subfield>
  </datafield>
  <datafield tag="942" ind1=" " ind2=" ">
    <subfield code="2">ddc</subfield>
    <subfield code="c">BK</subfield>
  </datafield>
  <datafield tag="952" ind1=" " ind2=" ">
    <subfield code="0">0</subfield>
    <subfield code="1">0</subfield>
    <subfield code="4">0</subfield>
    <subfield code="7">0</subfield>
    <subfield code="a">NASSDOC</subfield>
    <subfield code="b">NASSDOC</subfield>
    <subfield code="c">CART</subfield>
    <subfield code="d">2022-11-30</subfield>
    <subfield code="e">7</subfield>
    <subfield code="g">3737.60</subfield>
    <subfield code="l">0</subfield>
    <subfield code="o">338.064 HAN</subfield>
    <subfield code="p">52573</subfield>
    <subfield code="r">2022-11-30 00:00:00</subfield>
    <subfield code="v">5120.00</subfield>
    <subfield code="w">2022-11-30</subfield>
    <subfield code="y">BK</subfield>
  </datafield>
</record>
